000 00342nam a2200157Ia 4500
003 0STCL
008 150530s9999 xx 000 0 und d
040 _aSTCL
_cSTCL
100 _aLeon Alexis
245 _aEnterprise resource planning
260 _c2002
546 _aEnglish
942 _2ddc
_cBK
999 _c949
_d949
005 20220125160209.0